Loading...
| History - European | 0 | 7 | 1 | 0 | 65 | 25 | 101.00 | 1 | 3 |
| History - World | 0 | 4 | 0 | 1 | 40 | 38 | 89.75 | 0 | 1 |
| History - American | 0 | 3 | 0 | 1 | 30 | 96 | 117.00 | 0 | 1 |
| History - Other | 0 | 3 | 1 | 0 | 25 | 48 | 62.33 | 1 | 2 |
| Art - Other | 0 | 1 | 0 | 0 | 10 | 126 | 126.00 | 0 | 0 |
| Current Events/Modern World - Mixed/Any | 0 | 1 | 0 | 1 | 10 | 108 | 108.00 | 0 | 0 |
| Current Events/Modern World - Rest of world political | 0 | 1 | 0 | 1 | 10 | 135 | 135.00 | 0 | 0 |
| Geography - Europe | 0 | 1 | 0 | 0 | 10 | 78 | 78.00 | 1 | 1 |
| Mythology - Norse | 0 | 1 | 0 | 0 | 10 | 121 | 121.00 | 0 | 0 |
| Religion - Christianity/Judaism | 0 | 1 | 0 | 0 | 10 | 107 | 107.00 | 0 | 1 |
| Religion - Mixed/Any | 0 | 1 | 0 | 1 | 10 | 133 | 133.00 | 1 | 1 |
| Science - Engineering | 0 | 1 | 0 | 0 | 10 | 38 | 38.00 | 1 | 1 |
| Social Science - Anthropology | 0 | 1 | 0 | 0 | 10 | 99 | 99.00 | 1 | 1 |
| Science - Biology | 0 | 1 | 1 | 0 | 5 | 72 | 72.00 | 0 | 1 |
| Art - Painting/Sculpture | 0 | 0 | 0 | 0 | 0 | 0.00 | 0 | 0 | |
| Science - Earth | 0 | 0 | 1 | 0 | -5 | 0.00 | 0 | 0 | |
| Religion - Islam | 0 | 0 | 1 | 0 | -5 | 0.00 | 0 | 0 | |
| Social Science - Psychology | 0 | 0 | 1 | 0 | -5 | 0.00 | 0 | 0 |